000 00455nmm a2200169Ia 4500
008 251105s9999||||xx |||||||||||||||||und||
020 _a9788467593495
041 _aspa
100 _aMcCormick, Patricia
245 0 _aVendida
264 _a[Madrid, España] :
_bGrupo SM,
_c2017
300 _a224 páginas
490 _aGran angular
650 _aTeen & Young Adult Fiction
856 _uhttps://public.digitaliapublishing.com/a/97304
942 _cCF
999 _c83790
_d83790